| 000 -LEADER |
| fixed length control field |
00690nam a22002177a 4500 |
| 008 - FIXED-LENGTH DATA ELEMENTS--GENERAL INFORMATION |
| fixed length control field |
131113b xxu||||| |||| 00| 0 eng d |
| 020 ## - INTERNATIONAL STANDARD BOOK NUMBER |
| International Standard Book Number |
3854283148 |
| 041 0# - LANGUAGE CODE |
| Language code of text/sound track or separate title |
ger |
| 080 ## - UNIVERSAL DECIMAL CLASSIFICATION NUMBER |
| Universal Decimal Classification number |
339.746 |
| 100 1# - Rafti |
| Rafti |
Niederkofler, Paul |
| 245 10 - TITLE STATEMENT |
| Title |
Controlling des Zins-und währungsmanagements : |
| Statement of responsibility, etc |
Paul Niederkofler |
| 260 ## - |
| -- |
Wien : |
| -- |
Service Fachverlag ; |
| -- |
1995. |
| 300 ## - |
| -- |
196 f. : |
| -- |
21 cm. |
| 490 ## - |
| -- |
IKW Forschung |
| 500 ## - |
| -- |
Vorwort : f. VIII |
| 505 ## - |
| -- |
Literaturverzeichnis : f. 190-196 |
| 650 #0 - |
| -- |
Marrëdhëniet ekonomike ndërkombëtare. |
| 650 #0 - |
| -- |
Paraja |
| 650 #0 - |
| -- |
Menaxhimi |
| 942 ## - ADDED ENTRY ELEMENTS (KOHA) |
| Source of classification or shelving scheme |
|
| Item type |
Books |